MDQL
is popping MORE tags! Check the
thread
!
Quizzes
Events
Quiz Creation
Community
Videos
Private Events
Remove Ads
Sign In
Join for FREE
Feedback
Dark Mode
Quiz Categories
Sports
Geography
Music
Movies
Television
Just For Fun
Miscellaneous
History
Literature
Language
Science
Gaming
Entertainment
Religion
Holiday
For Kids
Quiz Lab
Recent
Popular Today
Quiz Kudos Today
Editor Picks
Curator Picks
Quizzes by...
Day
Popularity
Type
Ratings
Length
Year
Community
Subscriptions
Recent Discussions
Orange Saloon
Badges
Playlists
Quests
Create
Leaderboards
Showdown
Live 5
Trivia Bingo
Activity
Puzzle Library
Sporcle Events
Private Events
Virtual Trivia
Globe League
Become a Host
Pub Owners
SporcleCon
Opinionation
Our Games
Videos
Blog
Mobile Apps
Partnerships
Remove Ads and Go Orange
Feedback
Music
Pop Music
The Beatles
Song
Album
Lyrics
Bands
Singers
Artist
Clip
Rock
Rap
Classical
Billboard
Country Music
Kpop
Taylor Swift
Music
Pop Music
The Beatles
Song
Album
Lyrics
Bands
Singers
Artist
Clip
Rock
Rap
Classical
Billboard
Country Music
Kpop
Taylor Swift
Random Quiz
Search Sporcle
×
Quiz Lab
Quiz Lab
Music
Lyrics
Type in answers that appear in a list
Type in answers that appear in a list
Classic
Best Score? Go Orange.
Opening Led Zeppelin Lyrics Stats
Can you name the Opening Led Zeppelin Lyrics?
By
childplease23
8m
30 Questions
515 Plays
515 Plays
515 Plays
Comments
Comments
Give Quiz Kudos
Give Quiz Kudos
-
- Ratings
hide this ad
Replay
Link that replays current quiz
Next Quiz
Link to next quiz in quiz playlist
You Got
0%
They Got
Avg Score
72%
Avg Friend Score
Upgrade to see
Score Distribution
Jump to the score distribution portion of the page
Score
0/30
Timer
08:00
0
Plays Today
Lyrics
Song
% Correct
'It's been a long time since I've rock and rolled....'
Rock And Roll
93.8%
'There's a lady who's sure all that glitters thats gold...'
Stairway To Heaven
90.7%
'We come from the land of the ice and snow, from the midnight sun where the hot springs blow...'
Immigrant Song
88.5%
'Oh let the sun beat down upon my face, stars the feel my dreams, I am a traveler of both time and space, to be where I have been...'
Kashmir
88.2%
'Been dazed and confused for so long it's not true, wanted a woman, never bargained for you...'
Dazed And Confused
88%
'Hey, hey, mama, said the way you move, gonna make you sweat, gonna make you groove...'
Black Dog
88%
'Leaves are falling all around, it's time I was on my way...'
Ramble On
87.4%
'You need coolin', baby, I'm not foolin', I'm gonna send you back to schoolin'...'
Whole Lotta Love
86.2%
'In the days of my youth, I was told what it means to be a man....'
Good Times Bad Times
82.5%
'Hey fellas have you heard the news? You know that Annie's back in town?...'
Heartbreaker
82.1%
'If it keeps on rainin', levee's goin' to break...'
When The Levee Breaks
81.4%
'Babe, baby, baby, I'm gonna leave you. I said baby, you know I'm gonna leave you...'
Babe, I'm Gonna Leave You
79.2%
'Oh oh oh oh oh oh, you don't have to go oh oh oh oh oh...'
D'yer Mak'er
77.1%
'Spent my days with a woman unkind, smoke my stuff and drank all my wine...'
Going To California
76.3%
'Let me take you to the movies. Can I take you to the show...'
Houses Of The Holy
74.6%
Lyrics
Song
% Correct
'With a purple umbrella and a fifty cent hat, livin', lovin', she's just a woman...'
Living Loving Maid
72.2%
'Hey lady-
-
you've got the love I need, maybe more than enough...'
Over The Hills And Far Away
72%
'Singing in the sunshine, laughing in the rain, hitting on the moonshine, rocking in the grain...'
The Ocean
70.3%
'Hangman, hangman, hold it a little while, I think I see my friends coming, riding a many mile...'
Gallows Pole
69.7%
'Walkin' in the park just the other day baby, what do you, what do you think I saw...'
Misty Mountain Hop
68.5%
'And if I say to you tomorrow. Take my hand, child, come with me. To a castle I will take you, where what's to be, they say will never be...'
What Is And What Should Never Be
67.4%
'Well there's a light in your that keeps shining, like a star that can't wait for the night...'
Fool In The Rain
65.6%
'Hey, girl, stop what your doin! Hey, girl, you'll drive me to ruin...'
Communication Breakdown
60.6%
'It was an April morning when they told us we should go...'
Achilles Last Stand
59.2%
'I had a dream, crazy dream, anything I wanted to know, any place I needed to go...'
The Song Remains The Same
57.3%
'Should I fall out of love, my fire in light, to chase a feather in the wind...'
All My Love
54.8%
'Wanna tell you about the girl I love, my she looks so fine, she's the only one that I've been dreamin' of, maybe one day she will be all mine...'
Hey Hey What Can I Do
54.8%
'Greasy slicked down body, groovy leather trim, I like the way you the road, mama, it ain't no sin...'
Trampled Underfoot
52%
'Then as it was, then again it will be, an'though the course may change sometimes, rivers always reach the sea...'
Ten Years Gone
48.5%
'Measuring a summers day, I only find it slips away to grey, the hours, they bring me pain...'
Tangerine
48.5%
Quiz Playlist
Details
Report
Send in Message
Add To Playlist
Classic:
Type in answers that appear in a list
Last Updated: Feb 16, 2017
Quiz Scoreboard
CHALLENGE
Sign Up to Join the Scoreboard
Show All
Scores
Hide
Comments
May contain spoilers
Recently Published
Street Fighter Characters
by Artimus82
Gaming
60s
9x9 Crossword: Cartoon Network
by jackfrog10
Miscellaneous
3m
College Basketball Coaching Resumes
by pancakes188
Sports
9m
More to Explore
Quiz From the Vault
Featured Blog Post
Where Did the Easter Bunny Come From?
hide this ad
You Might Also Like...
Tags
Lyrics Quiz
Song Quiz
Led Zeppelin
Zeppelin
Today's Top Quizzes in Music
Browse Music
hide this ad
Today's Top Quizzes in Lyrics
Browse Lyrics
Top Contributed Quizzes in Music
1
Taylor Swift All Songs (2024)
2
Taylor Swift Logic Puzzle
3
Guess the Artist- 70s Songs
4
7-to-1: Billboard Hot 100 #1 Hits of 2010s
5
Sorting Albums and Songs
6
KPOP LOGIC QUIZ
7
Guess the Taylor Swift song (Mystery Song)
8
Guess The Taylor Swift Lyrics Song #1
9
Billboard Blitz: ABBA
10
Billboard Blitz: The Beatles
Explore More
Trending Topics
Marvel
Kpop
Crossword
Anime
NBA
Harry Potter
Disney
Puzzle
Country
Song
NFL
WWE
Pokémon
The Office
Soccer
hide this ad
More By:
childplease23
Quiz
Plays
Rating
Category
Featured
Created
Opening Led Zeppelin Lyrics
515
4.08
Music
May 8, 2010
Go to Creator's Profile
Score Distribution
Quiz Creator Spotlight
childplease23
Follow
Send a Message
Quizzes Created
-
Created Quiz Play Count
-
More By This Creator
Popular Quizzes Today
1
Find the US States - No Outlines Minefield
2
Find the Countries of Europe - No Outlines Minefield
3
The Countries of the World
4
Find the US States
5
Risky Map Clicking: Biggest States A-Z
6
US States
7
Popular People in 1961
8
Movies - When Are They Set?
More Music Quizzes
Bob Marley Songs by Image
Published
Trending Quizzes
Risky Map Clicking: Least Populous States A-Z
Countries of the World: 200 Million BC
1-10 Letter G Words
Risky Map Clicking: Next State Alphabetically
Adjectives in 80s TV Shows
Recently Updated
Leaping Animals
pecheneg
Reality TV Shows (A-Z)
bhenderson79
Rickey Henderson's Hall of Fame Teammates
pecheneg
Champions League XIs: Arsenal
pecheneg
Quick Pick: Celebrities in WWE's Hall of Fame
aduchscher
A-Z Keypad Blitz II
pecheneg
Multiple Oscar Actors
pecheneg
Mystery Phrase Blitz: Oscar 'Best Actors'
pecheneg
F. Scott Fitzgerald Novels
LTH
Pick 3 Villains
ddd62291
Trending Topics
Anime
Crossword
NBA
Harry Potter
Kpop
Marvel
Disney
NFL
WWE
Soccer
Pokémon
Song
Puzzle
Country
The Office
Your Account Isn't Verified!
In order to create a playlist on Sporcle, you need to verify the email address you used during registration. Go to your
Sporcle Settings
to finish the process.
Report this User
Report this user for behavior that violates our
Community Guidelines
.
Details:
Send Report
Go to the Sporcle.com Mobile Site →
Comments